Logo BPK

Biblioteka

Politechniki Koszalińskiej

Rukovodstvo k reseniju zadac po teorii verojatnostej i matematiceskoj statistikie / (Rekord nr 16027)

Szczegóły MARC
000 -ETYKIETA REKORDU
podpole kontrolne o stałej długości 00515nam a2200181 i 4500
001 - NUMER KONTROLNY REKORDU
pole kontrolne bg
040 ## - ŹRÓDŁO KATALOGOWANIA
Instytucja, która utworzyła rekord BPK
041 ## - KOD JĘZYKA
Kod języka tekstu pol
080 ## - UNIWERSALNA KLASYFIKACJA DZIESIĘTNA - UKD
UKD 519.2
008 - POLE O STAŁEJ DŁUGOŚCI - DANE KONTROLNE
podpole kontrolne o stałej długości s pl f |000 0 pol
100 1# - NAZWA OSOBOWA
Nazwa osobowa Gmurman, Vladimir Efimovič.
245 #0 - TYTUŁ/ODPOWIEDZIALNOŚĆ
Tytuł Rukovodstvo k reseniju zadac po teorii verojatnostej i matematiceskoj statistikie /
Pozostałe elementy strefy tytułu i oznaczenia odpowiedzialności V. E. Gmurman.
250 ## - STREFA WYDANIA
Oznaczenie wydania Izd. 2, dopol.
260 ## - STREFA ADRESU WYDAWNICZEGO
Miejsce wydania Moskva :
Nazwa wydawcy/dystrybutora "Vyssaja Skola",
Data publikacji, dystrybucji/powstania dokumentu 1975.
300 ## - STREFA OPISU FIZYCZNEGO
Objętość s. 333, nlb. 2 :
Inne cechy fizyczne rabl.
500 ## - UWAGI OGÓLNE
Tekst uwagi [Alf. ros.].
856 ## - LOKALIZACJA I DOSTĘP DO ELEKTRONICZNYCH DOKUMENTÓW ZDALNYCH
Link (URL) http://koha.tu.koszalin.pl/cgi-bin/koha/opac-detail.pl?biblionumber=16027
Tekst linku Katalog online BPK
942 ## - DODATKOWE ELEMENTY (KOHA)
Typ dokumentu Książka
Egzemplarze
Wycofany Status egzemplarza Uszkodzony Dostępność Lokalizacja stała Lokalizacja bieżąca Numer ubytku Sygnatura Kod kreskowy Ostatnio wypożyczono Typ dokumentu Miejsce przechowywania
  Egz. niedostępny   Niedostępny Biblioteka Politechniki Koszalińskiej Biblioteka Politechniki Koszalińskiej 11869 19489 01705270 18.03.2013 Książka  
      Dostępny Biblioteka Politechniki Koszalińskiej Biblioteka Politechniki Koszalińskiej   19490 01705287   Książka Wypożyczalnia BG
© 2023 Biblioteka Politechniki Koszalińskiej :: KOHA